Pozor na riziko kapitálu

Private equity sú investície do spoločností, ktoré nie sú kótované a obchodované na verejnom trhu. Ich poslaním je vyvinúť nové produkty a technológie, rozšíriť kapitálovú základňu firmy a umožniť fúzie či akvizície podnikov. Private equity v strednej a východnej Európe sú relatívne novým javom. Po...

Ausführliche Beschreibung

Gespeichert in:
Bibliographische Detailangaben
1. Verfasser: Baláž, Vladimír
Format: Buchkapitel
Sprache:Slowakisch
Schlagworte:
Tags: Tag hinzufügen
Keine Tags, Fügen Sie das erste Tag hinzu!

MARC

LEADER 00000naa$a2200000$$$4500
001 0033580
005 20231019082932.4
041 0 |a slo 
044 |a SK 
245 1 0 |a Pozor na riziko kapitálu  |c Vladimír Baláž 
520 |a Private equity sú investície do spoločností, ktoré nie sú kótované a obchodované na verejnom trhu. Ich poslaním je vyvinúť nové produkty a technológie, rozšíriť kapitálovú základňu firmy a umožniť fúzie či akvizície podnikov. Private equity v strednej a východnej Európe sú relatívne novým javom. Po vstupe SVE do EÚ - rast objemu private equity. Fázy investovania pomocou private equity. Exit /realizácia investície/ - ako najdôležitejšia časť investície, spôsoby exitu. Budúcnosť je v rozvoji leverage operácií. 
610 2 0 |a financovanie podnikov 
610 2 0 |a formy financovania 
610 2 0 |a investície 
610 2 0 |a Slovensko 
610 2 0 |a SVE 
100 1 |a Baláž, Vladimír